|
|
|
|
| LEADER |
01240nam a2200301 a 4500 |
| 001 |
2998 |
| 003 |
BD-DhAAL |
| 005 |
20150429101813.0 |
| 008 |
150429s1995 nyuab b 001 0 eng |
| 010 |
|
|
|a 94026244
|
| 020 |
|
|
|a 0471015571 (acidfree paper)
|
| 040 |
|
|
|a DLC
|c DLC
|d DLC
|d BD-DhAAL
|
| 050 |
0 |
0 |
|a G155.A1
|b M386 1995
|
| 082 |
0 |
0 |
|a 338.4/791
|2 20
|
| 100 |
1 |
|
|a McIntosh, Robert Woodrow,
|d 1917-
|9 10845
|
| 245 |
1 |
0 |
|a Tourism :
|b principles, practices, philosophies.
|
| 250 |
|
|
|a 7th ed. /
|b Robert W. McIntosh, Charles R. Goeldner, J.R. Brent Ritchie.
|
| 260 |
|
|
|a New York :
|b Wiley,
|c c1995.
|
| 300 |
|
|
|a xv, 551 p. :
|b ill., maps ;
|c 25 cm.
|
| 504 |
|
|
|a Includes bibliographical references and index.
|
| 541 |
|
|
|e 2998
|
| 650 |
|
0 |
|a Tourism.
|9 10846
|
| 700 |
1 |
|
|a Goeldner, Charles R.
|9 10847
|
| 700 |
1 |
|
|a Ritchie, J. R. Brent.
|9 10848
|
| 942 |
|
|
|2 ddc
|c BK
|
| 999 |
|
|
|c 34346
|d 34346
|
| 952 |
|
|
|0 0
|1 0
|2 ddc
|4 0
|6 338_479100000000000_MCL
|7 0
|9 53618
|a SCL
|b SCL
|c GEN
|d 2015-04-29
|e Gift: The Asia Foundation
|l 0
|o 338.4791 MCL
|p 3020002998
|r 2015-04-29
|t 1
|w 2015-04-29
|y BK
|
| 952 |
|
|
|0 0
|1 0
|2 ddc
|4 0
|6 338_479100000000000_MCL
|7 0
|9 53619
|a SCL
|b SCL
|c GEN
|d 2015-04-29
|e Gift: The Asia Foundation
|l 0
|o 338.4791 MCL
|p 3020002997
|r 2015-04-29
|t 2
|w 2015-04-29
|y BK
|